| 000 | 01016nam a2200229Ii 4500 | ||
|---|---|---|---|
| 003 | JO-AjNU | ||
| 005 | 20240623125642.0 | ||
| 008 | 230605s9999||||xx |||||||||||||| ||und|| | ||
| 040 |
_aJO-AjNU _bara _erda _cJO-AjNU |
||
| 041 | _aara | ||
| 100 |
_aالكوفحي، محمود خالد محمود _964787 _eمعد |
||
| 245 |
_aمحددات هيكل رأس المال في شركات التأمين الأردنية = Determinants of Capital Structure in Jordanian Insurance Corporations _c / اعداد محمود خالد محمود الكوفحي؛ اشراف تركي راجي الحمود |
||
| 260 | _c 2013 | ||
| 300 | _a85 ورقه | ||
| 336 |
_atext _btxt _2rdacontent |
||
| 337 |
_aunmediated _bn _2rdamedia |
||
| 338 |
_avolume _bnc _2rdacarrier |
||
| 500 | _aرساله جامعية (ماجستير) - جامعة اليرموك، 2013 | ||
| 650 | _vشركات التأمين-محاسبة-رأس المال-الأردن | ||
| 700 |
_aالحمود، تركي راجي _964635 _eمشرف |
||
| 942 |
_2lcc _cTHS |
||
| 999 |
_c32956 _d32956 |
||